000 01057cad a22002175a 4500
001 E149940
008 100518e20100507xxka f s000 0 eng d
035 _a(Sirsi) u149940
041 0 _aeng
100 1 _aEdwards, Tom
245 0 0 _aHill farming
_h[electronic resource]
260 _aEdinburgh
_bScottish Parliament
_c2010
490 0 _aSPICe Briefing
_v(10/29) 7 May 2010
520 _aLooks at hill farming in Scotland and examines reasons for the recent decline in sheep and cattle numbers on hill farms. Also discusses the results of the Royal Society of Edinburgh's inquiry into the Hills and Islands of Scotland, highlights sources of Government funding for hill farming, and outlines the views of stakeholders on the subject.
521 _aAdvanced
590 _aKA
651 4 _aScotland
_y1999-
690 _aENVIRONMENTAL AND LAND CONSULTANCY-AGRIBUSINESS-AGRICULTURE
856 4 0 _uhttps://www.scottish.parliament.uk/business/research/briefings-10/SB10-29.pdf
_zView the briefing free of charge at www.scottish.parliament.uk
942 _n0
999 _c110681
_d110681